| 000 | 00811cam a2200265 4500 | ||
|---|---|---|---|
| 001 | ABS65470 | ||
| 008 | 020517n2002 000 0 eng u | ||
| 035 | _a(Sirsi) u118034 | ||
| 245 | _aProperty UK Staffordshire and Shropshire | ||
| 260 | _c2002 | ||
| 490 |
_aProperty Week _v67(17) 3 May 2002, 67-76(6) |
||
| 590 | _aABS | ||
| 650 | _aSTAFFORDSHIRE | ||
| 650 | _aSHROPSHIRE | ||
| 650 | _aPROPERTY-COMMERCIAL PROPERTY-OFFICE PROPERTY-OFFICE PROPERTY MARKET | ||
| 650 | _aINDUSTRIAL MARKET | ||
| 650 | _aPROPERTY-COMMERCIAL PROPERTY-RETAIL PROPERTY-RETAIL PROPERTY MARKET | ||
| 650 | _aTELFORD | ||
| 650 | _aSHREWSBURY | ||
| 650 | _aSTOKE-ON-TRENT | ||
| 650 | _aSTAFFORD | ||
| 650 | _aNEWCASTLE-UNDER-LYME | ||
| 690 | _aPROPERTY-COMMERCIAL PROPERTY-COMMERCIAL PROPERTY MARKET | ||
| 942 | _n0 | ||
| 999 |
_c70279 _d70279 |
||